000 00504nam a2200217Ia 4500
003 0100
008 130303s9999 xx 000 0 und d
040 _cARRUPELIB
050 _aJQ1879.A15B3713 1993
100 _aJean-Francois Bayart
245 4 _aThe state in Africa
245 _bthe politics of the belly
260 _aNew york
260 _bLongman
260 _C1993
300 _axxiii
300 _b 370p. 21cm
650 _bPosters
700 _aJean-Francois Bayart
942 0 0 _04
999 _c12771
_d12771